000
00331 a2200145 4500
001
154503
040
_c
Escola São Tomás de Aquino
100
_a
QUEIRÓS, Bartolomeu Campos
240
1
0
_a
Por parte de pai
_l
por
245
1
0
_a
Por parte de pai
300
_a
76
362
0
_a
1995
697
_a
*LITERATURA JUVENIL
942
_c
BK
999
_c
154503
_d
154503